[Event "ICS rated blitz match"]
[Site "204.178.125.65"]
[Date "1999.08.14"]
[Round "?"]
[White "Masterchess"]
[Black "Hossa"]
[Result "1-0"]
[WhiteElo "2880"]
[BlackElo "2459"]
[PlyCount "96"]
[EventDate "1999.??.??"]

1. e4 c5 2. Nf3 e6 3. d4 cxd4 4. Nxd4 e5 5. Nb5 a6 6. Nd6+ Bxd6 7. Qxd6 Qe7 8.
Qxe7+ Nxe7 9. Nc3 f5 10. Bg5 fxe4 11. Nxe4 d5 12. Nd6+ Kf8 13. O-O-O Nbc6 14.
Kb1 Rb8 15. Bd3 h6 16. Be3 Kg8 17. Bb6 Ra8 18. f3 h5 19. Be3 h4 20. Rhe1 Rh5
21. Be2 Rh7 22. Bg5 b5 23. Nxc8 Rxc8 24. f4 e4 25. Bg4 Re8 26. Bd7 Rf8 27. Be6+
Kh8 28. Bxd5 Nxd5 29. Rxd5 h3 30. g4 Re8 31. Rd6 Rc8 32. Rxe4 Kg8 33. a4 Rh8
34. Ree6 Nb8 35. axb5 axb5 36. Rb6 Nd7 37. Rxb5 Ra8 38. Re7 Nf6 39. Rbb7 Nxg4
40. Rxg7+ Kf8 41. Rbf7+ Ke8 42. Rf5 Nf6 43. Bxf6 Kf8 44. Rc7 Rh6 45. Bg5+ Kg8
46. Bxh6 Kh8 47. Rff7 Rd8 48. Rh7+ 48... Kg8 {Hossa resigns} 1-0

[Event "ICS rated blitz match"]
[Site "204.178.125.65"]
[Date "1999.08.14"]
[Round "?"]
[White "Hossa"]
[Black "counterplay"]
[Result "0-1"]
[WhiteElo "2456"]
[BlackElo "2803"]
[PlyCount "113"]
[EventDate "1999.??.??"]

1. d4 Nf6 2. c3 d5 3. e3 g6 4. Bb5+ Bd7 5. Qb3 Nc6 6. Bd2 Na5 7. Bxd7+ Qxd7 8.
Qb4 b6 9. Nf3 Ng4 10. Qa3 e5 11. b4 e4 12. Ng5 f6 13. Nh3 Nc4 14. Qa6 Bh6 15.
Nf4 Bxf4 16. exf4 O-O 17. O-O Qf5 18. Bc1 e3 19. f3 Nf2 20. Na3 Qd3 21. Nxc4 e2
22. Re1 Nd1 23. Bd2 dxc4 24. Raxd1 exd1=Q 25. Rxd1 Rae8 26. Qa3 Qc2 27. Qc1
Qxc1 28. Bxc1 Re2 29. Bd2 Kf7 30. a4 Rfe8 31. h4 Ke6 32. Kh2 c5 33. bxc5 bxc5
34. Bc1 Rd8 35. Ba3 cxd4 36. cxd4 Ra2 37. Re1+ Kd5 38. Bc5 Rxa4 39. g4 c3 40.
Kg3 a5 41. g5 f5 42. Re2 Kc4 43. Kf2 Kb3 44. Bb6 Rd5 45. Re3 Kb2 46. Re5 Rxe5
47. dxe5 c2 48. Be3 Ra3 49. Bd4+ Kb1 50. Be3 Rxe3 51. Kxe3 c1=Q+ 52. Kd3 a4 53.
Ke2 a3 54. h5 a2 55. Kf2 a1=Q 56. hxg6 Qab2+ 57. Kg3 {Hossa resigns} 0-1

[Event "ICS rated blitz match"]
[Site "204.178.125.65"]
[Date "1999.08.14"]
[Round "?"]
[White "counterplay"]
[Black "Hossa"]
[Result "1-0"]
[WhiteElo "2807"]
[BlackElo "2452"]
[PlyCount "91"]
[EventDate "1999.??.??"]

1. d4 Nf6 2. c4 c5 3. d5 e5 4. Nc3 d6 5. e4 Nbd7 6. Nf3 Be7 7. Be2 O-O 8. O-O
Ne8 9. a3 f5 10. exf5 Rxf5 11. Bd3 Rf7 12. Ne4 h6 13. Be3 Nef6 14. Re1 Qc7 15.
Qe2 Nh5 16. Nfg5 Bxg5 17. Nxg5 hxg5 18. Qxh5 Nf6 19. Qxg5 b5 20. b3 bxc4 21.
bxc4 e4 22. Be2 Nh7 23. Qg3 Rb8 24. Bh5 Rf8 25. Bf4 Rb6 26. Bg6 Bf5 27. Bxf5
Rxf5 28. Rxe4 Qd7 29. Re6 Rf6 30. Qe3 a6 31. Re1 Rxe6 32. dxe6 Qe7 33. Qd2 Kh8
34. Qa5 Rc6 35. Qa4 Qe8 36. e7 Nf6 37. Qa5 d5 38. cxd5 Nxd5 39. Qd8 Nf6 40. Bg5
Rc8 41. Bxf6 Kh7 42. Qd3+ Kh6 43. Bg5+ Kxg5 44. Re5+ Kh6 45. Qh3+ Qh5 46. Qxh5#
{Hossa checkmated} 1-0

[Event "ICS rated blitz match"]
[Site "204.178.125.65"]
[Date "1999.08.14"]
[Round "?"]
[White "Hossa"]
[Black "GIRONA"]
[Result "1-0"]
[WhiteElo "2448"]
[BlackElo "2154"]
[PlyCount "65"]
[EventDate "1999.??.??"]

1. d4 Nf6 2. c4 g6 3. Nc3 Bg7 4. e4 d6 5. f3 O-O 6. Be3 Nc6 7. Rb1 Re8 8. Nge2
a5 9. Qd2 Bd7 10. Bh6 Bh8 11. d5 Ne5 12. Nd4 c5 13. Nb3 e6 14. Be2 exd5 15.
cxd5 a4 16. Nc1 Qa5 17. O-O b5 18. a3 Rab8 19. Qg5 b4 20. axb4 cxb4 21. Nd1 a3
22. Nb3 Qa4 23. Nd2 a2 24. Ra1 b3 25. Nc3 Qb4 26. Bd1 Ba4 27. Qe3 Nfd7 28. Nxa4
Nc4 29. Qxb3 Bd4+ 30. Kh1 Ne3 31. Bxe3 Qxb3 32. Nxb3 Bxe3 33. Rxa2 {
GIRONA resigns} 1-0

[Event "ICS rated blitz match"]
[Site "204.178.125.65"]
[Date "1999.08.14"]
[Round "?"]
[White "Hossa"]
[Black "velimirovich"]
[Result "1-0"]
[WhiteElo "2453"]
[BlackElo "2379"]
[PlyCount "139"]
[EventDate "1999.??.??"]

1. d4 e6 2. e4 d5 3. e5 c5 4. c3 Nc6 5. Nf3 Qb6 6. Be2 Nge7 7. dxc5 Qc7 8. Bb5
Bd7 9. Qe2 a6 10. Bd3 Ng6 11. Bxg6 hxg6 12. b4 Be7 13. Bf4 a5 14. b5 Nd8 15. b6
Qxc5 16. Be3 Qb5 17. Qc2 Nc6 18. Nbd2 Rc8 19. Nd4 Nxd4 20. Bxd4 a4 21. Rb1 Qa6
22. Qb2 Qd3 23. Ra1 Bb5 24. Nf1 a3 25. Qd2 Qe4+ 26. Ne3 Bg5 27. Rd1 Bc4 28. Ra1
f6 29. Qc2 Qxc2 30. Nxc2 fxe5 31. Bxe5 Bf6 32. Bxf6 gxf6 33. Nxa3 Ba6 34. Kd2
Rh4 35. Rab1 Ra4 36. Rb3 Ke7 37. Re1 e5 38. h3 Ke6 39. g3 d4 40. cxd4 Rxd4+ 41.
Ke3 f5 42. f3 Ra4 43. h4 f4+ 44. Kf2 fxg3+ 45. Kxg3 Rh8 46. Re4 Rxe4 47. fxe4
Rf8 48. Rf3 Rc8 49. Kf2 Rc5 50. Rg3 Ra5 51. Rxg6+ Kf7 52. Rg3 Ra4 53. Re3 Kg6
54. Kf3 Rb4 55. Rb3 Rd4 56. Nc2 Rd2 57. Nb4 Bf1 58. Re3 Bg2+ 59. Kg4 Bf1 60.
h5+ Kh6 61. Kf5 Rb2 62. a3 Bh3+ 63. Rxh3 Rf2+ 64. Kxe5 Rb2 65. Kd6 Rd2+ 66. Kc7
Re2 67. Kxb7 Rxe4 68. Ka7 Re5 69. b7 Ra5+ 70. Kb6 {velimirovich resigns} 1-0

[Event "ICS rated blitz match"]
[Site "204.178.125.65"]
[Date "1999.08.14"]
[Round "?"]
[White "Hossa"]
[Black "libertad"]
[Result "1-0"]
[WhiteElo "2491"]
[BlackElo "2073"]
[PlyCount "69"]
[EventDate "1999.??.??"]

1. d4 d5 2. c4 e6 3. Nc3 Nf6 4. cxd5 Nxd5 5. e4 Nf6 6. Nf3 Bb4 7. Bg5 Nbd7 8.
Rc1 h6 9. Bxf6 Qxf6 10. a3 Ba5 11. b4 Bb6 12. Nb5 O-O 13. Nxc7 Bxc7 14. Rxc7 a5
15. Bb5 Nb6 16. O-O axb4 17. axb4 Rd8 18. Qc2 Ra3 19. Qc5 Rxf3 20. gxf3 Qxf3
21. Rc1 Qg4+ 22. Kf1 Qh3+ 23. Ke1 Bd7 24. Bxd7 Nxd7 25. Qe7 Qd3 26. Qxd8+ Kh7
27. Qxd7 Qxe4+ 28. Kd2 Qf4+ 29. Kd3 Qf3+ 30. Kc4 Qe2+ 31. Kb3 Qd3+ 32. R7c3 Qf5
33. Qxb7 Qxf2 34. Qe4+ f5 35. Qxe6 {libertad resigns} 1-0

[Event "ICS rated blitz match"]
[Site "204.178.125.65"]
[Date "1999.08.14"]
[Round "?"]
[White "avishai"]
[Black "Hossa"]
[Result "0-1"]
[WhiteElo "2054"]
[BlackElo "2494"]
[PlyCount "24"]
[EventDate "1999.??.??"]

1. e4 c5 2. Nf3 d6 3. d4 cxd4 4. Nxd4 Nf6 5. Nc3 e5 6. Ndb5 a6 7. Na3 b5 8. Nd5
Nxe4 9. Qf3 f5 10. Be3 Qa5+ 11. c3 b4 12. Bb6 12... Qxd5 {avishai resigns} 0-1

[Event "ICS rated blitz match"]
[Site "204.178.125.65"]
[Date "1999.08.14"]
[Round "?"]
[White "Hossa"]
[Black "avishai"]
[Result "1-0"]
[WhiteElo "2496"]
[BlackElo "2052"]
[PlyCount "55"]
[EventDate "1999.??.??"]

1. d4 Nf6 2. c4 c5 3. d5 e6 4. Nc3 exd5 5. cxd5 d6 6. Nf3 g6 7. Nd2 Bg7 8. e4
O-O 9. Be2 a6 10. a4 Nbd7 11. O-O Re8 12. f4 Rb8 13. f5 Ne5 14. Nb3 Qc7 15. Bg5
c4 16. fxg6 fxg6 17. Bxf6 cxb3 18. Qxb3 Qc5+ 19. Kh1 Bg4 20. Bxg7 Kxg7 21. Rac1
b5 22. Nxb5 Qb6 23. Bxg4 Nxg4 24. Rc7+ Kg8 25. Qh3 h5 26. Qf3 Rf8 27. Rf7 Ne5
28. Rxf8+ {avishai resigns} 1-0

[Event "ICS rated blitz match"]
[Site "204.178.125.65"]
[Date "1999.08.14"]
[Round "?"]
[White "brutus"]
[Black "Hossa"]
[Result "0-1"]
[WhiteElo "2101"]
[BlackElo "2498"]
[PlyCount "106"]
[EventDate "1999.??.??"]

1. e4 c5 2. Nf3 d6 3. d4 cxd4 4. Nxd4 Nf6 5. Nc3 e5 6. Nb3 Be6 7. Be2 d5 8.
exd5 Nxd5 9. Nxd5 Bxd5 10. O-O Be7 11. Bf3 e4 12. Be2 O-O 13. Be3 Bc6 14. Qxd8
Rxd8 15. Rfd1 Nd7 16. Nd4 Ne5 17. Nxc6 Nxc6 18. c3 f5 19. Bc4+ Kh8 20. Bf4
Rxd1+ 21. Rxd1 Rd8 22. Rxd8+ Bxd8 23. Kf1 g5 24. Bd6 Be7 25. Bxe7 Nxe7 26. Ke2
Kg7 27. f3 Kg6 28. fxe4 fxe4 29. g4 Kf6 30. Ke3 Ke5 31. Bb3 h6 32. Bc2 Nd5+ 33.
Ke2 Kf4 34. h3 a5 35. a3 Nf6 36. b4 axb4 37. cxb4 Kg3 38. a4 Kxh3 39. a5 Kxg4
40. b5 Kf4 41. a6 Nd7 42. a7 Nb6 43. Kf2 h5 44. Bd1 g4 45. Be2 h4 46. Bc4 h3
47. Bd5 g3+ 48. Kg1 Kf3 49. Bxb7 h2+ 50. Kh1 g2+ 51. Kxh2 Kf2 52. Bxe4 g1=Q+
53. Kh3 53... Qg3# {brutus checkmated} 0-1

[Event "ICS rated blitz match"]
[Site "204.178.125.65"]
[Date "1999.08.14"]
[Round "?"]
[White "Hossa"]
[Black "brutus"]
[Result "1-0"]
[WhiteElo "2501"]
[BlackElo "2098"]
[PlyCount "201"]
[EventDate "1999.??.??"]

1. d4 Nf6 2. c4 g6 3. Nc3 d5 4. cxd5 Nxd5 5. e4 Nxc3 6. bxc3 Bg7 7. Bb5+ c6 8.
Bc4 b5 9. Be2 a6 10. Nf3 c5 11. Bb2 Bb7 12. Qd3 cxd4 13. cxd4 O-O 14. Ne5 Bxe5
15. dxe5 Qxd3 16. Bxd3 Rd8 17. Ke2 e6 18. Rhd1 Nc6 19. Rac1 Rd7 20. f4 Rad8 21.
g4 Nb4 22. Bb1 Rxd1 23. Rxd1 Rxd1 24. Kxd1 Nc6 25. h4 Kf8 26. Bd3 Ke8 27. g5
Kd7 28. Bc3 b4 29. Bd2 a5 30. Be3 Kc7 31. Kc2 Nb8 32. Kb3 Bc6 33. Bd4 Nd7 34.
Kc2 Nb6 35. Kb2 Nc8 36. f5 Ne7 37. f6 Nc8 38. Kb3 Nb6 39. Kc2 Nd7 40. Kd2 Ba4
41. Bc4 Kc6 42. Ke3 Bb5 43. Bb3 a4 44. Bc2 Nc5 45. Kd2 b3 46. axb3 Nxb3+ 47.
Bxb3 axb3 48. Kc3 b2 49. Kxb2 Bd3 50. Kc3 Bxe4 51. Kc4 Bf3 52. Bc5 Be2+ 53. Kd4
Bb5 54. Bd6 Ba6 55. Be7 Bb5 56. Ba3 Ba6 57. Bd6 Bb5 58. Bc5 Bf1 59. Bb4 Bg2 60.
Be7 Bh3 61. Bd6 Bf5 62. Ba3 Kb5 63. Be7 Bg4 64. Bd6 Bh3 65. Bc5 Bg2 66. Ba3 Bc6
67. Kd3 Bd5 68. Bd6 Ka4 69. Ke3 Kb3 70. Kd4 Bg2 71. Be7 Bd5 72. Bf8 Kc2 73. Kc5
Kd3 74. Kd6 Ke4 75. Bh6 Kf5 76. Ke7 Kxe5 77. Kxf7 Kf5 78. Kg7 e5 79. f7 Bxf7
80. Kxf7 e4 81. Kg8 e3 82. Bf8 e2 83. Bb4 Kg4 84. Kxh7 Kh5 85. Be1 Kg4 86. Kxg6
Kf4 87. h5 Ke5 88. h6 Ke6 89. h7 Ke7 90. h8=Q Ke6 91. Qe8+ Kd5 92. Qxe2 Kd4 93.
Qe5+ Kxe5 94. Kf7 Kf5 95. g6 Ke4 96. g7 Kd3 97. g8=Q Ke2 98. Qg3 Kd1 99. Qf2
Kc1 100. Qa2 Kd1 101. Qd2# {brutus checkmated} 1-0

[Event "ICS rated blitz match"]
[Site "204.178.125.65"]
[Date "1999.08.14"]
[Round "?"]
[White "brutus"]
[Black "Hossa"]
[Result "0-1"]
[WhiteElo "2095"]
[BlackElo "2504"]
[PlyCount "64"]
[EventDate "1999.??.??"]

1. e4 c5 2. Nf3 d6 3. d4 cxd4 4. Nxd4 Nf6 5. Nc3 e5 6. Nb3 Be6 7. Bg5 Be7 8.
Bxf6 Bxf6 9. Nd5 O-O 10. Be2 Bg5 11. O-O f5 12. f3 fxe4 13. fxe4 Rxf1+ 14. Bxf1
Nd7 15. Be2 Nb6 16. c4 Bxd5 17. cxd5 Be3+ 18. Kh1 Qh4 19. Bf3 Rf8 20. Qe1 Bf2
21. Qe2 Bg3 22. h3 Rf4 23. Rf1 Nd7 24. Nd2 Nc5 25. Qb5 a6 26. Qe8+ Rf8 27. Qh5
Qf4 28. Qg4 Qxd2 29. Qxg3 Nxe4 30. Qh4 Qd4 31. Kh2 Nd2 32. Rf2 32... Qxh4 {
brutus resigns} 0-1

[Event "ICS rated blitz match"]
[Site "204.178.125.65"]
[Date "1999.08.14"]
[Round "?"]
[White "vitsi"]
[Black "Hossa"]
[Result "0-1"]
[WhiteElo "2191"]
[BlackElo "2507"]
[Annotator "Fritz 5.32 (19s)"]
[PlyCount "28"]
[EventDate "1999.??.??"]

1. e4 1... c5 {Opening = B56 - 5.Nc3(Nc6 6.---)} 2. Nf3 d6 3. d4 cxd4 4. Nxd4
Nf6 5. Nc3 e5 6. Bb5+ 6... Bd7 $146 (6... Nbd7 7. Nf5 a6 8. Bxd7+ (8. Ba4 b5 9.
Bb3 Nc5 10. Bg5 Bxf5 11. exf5 Be7 12. Bxf6 Bxf6 13. Qd5 O-O 14. Ne4 Qa5+ 15.
Ke2 Rac8 16. Rhd1 Nxb3 17. Qxb3 Rc4 18. f3 Qc7 19. c3 Qc6 20. Nxd6 e4 21. Nxe4
Be5 22. Qc2 22... Qh6 {Liss,E-Uritzky,M/It, Tel-Aviv ISR 1996/1-0 (36)}) 8...
Qxd7 9. Ne3 (9. O-O Qc6 10. Qf3 b5 11. a3 Be6 12. Rd1 h6 13. h3 Bxf5 14. Qxf5
Be7 15. Rd3 Qd7 16. Qf3 Rc8 17. g4 Qe6 18. Bd2 Nd7 19. a4 Nc5 20. Rd5 b4 21.
Ne2 h5 22. Ng3 hxg4 23. hxg4 23... g6 {
Vydeslaver,A-Uritzky,M/ch-ISR, Jerusalem 1996/ - (35)}) 9... Qc6 10. Qd3 Be6
11. O-O Rc8 12. a4 Be7 13. a5 O-O 14. Ncd5 Bxd5 15. exd5 Qd7 16. b3 Nh5 17. Qf5
Qxf5 18. Nxf5 Rfe8 19. Nxe7+ Rxe7 20. c4 f5 21. f3 Nf6 22. Be3 Kf7 23. Rfd1 h6
24. Rac1 Rd7 25. Bb6 g5 26. Re1 Re8 27. Rcd1 Rc8 28. Rc1 Re7 29. Red1 h5 30. b4
Rd7 31. Re1 f4 32. Kf2 Re8 33. Ke2 Kg6 34. Kd3 Kf5 35. Re2 g4 36. Rce1 Nh7 37.
h4 gxh3 38. gxh3 Rg7 39. Kd2 Nf6 40. Bf2 Rc7 41. c5 {
Rotman,D-Uritzky,M/Israeli National Championships, Tel Avi 1994/0-1 (72)}) 7.
Nf5 Bxb5 8. Nxb5 Qa5+ 9. Nc3 Nxe4 10. Nxd6+ Bxd6 11. O-O Nxc3 12. Qxd6 Ne2+ 13.
Kh1 Nc6 14. f4 Rd8 (14... Rd8 15. Qa3 Qxa3 16. bxa3 exf4 17. Bxf4 17... O-O $19
) 0-1

[Event "ICS rated blitz match"]
[Site "204.178.125.65"]
[Date "1999.08.14"]
[Round "?"]
[White "Hossa"]
[Black "vitsi"]
[Result "1-0"]
[WhiteElo "2511"]
[BlackElo "2187"]
[PlyCount "22"]
[EventDate "1999.??.??"]

1. e4 d5 2. exd5 c6 3. dxc6 Nxc6 4. Nc3 e5 5. Bb5 Bd6 6. d4 exd4 7. Qxd4 Nf6 8.
Bg5 O-O 9. Bxc6 bxc6 10. Bxf6 gxf6 11. O-O-O 11... Be5 {vitsi resigns} 1-0

[Event "ICS rated blitz match"]
[Site "204.178.125.65"]
[Date "1999.08.14"]
[Round "?"]
[White "libertad"]
[Black "Hossa"]
[Result "0-1"]
[WhiteElo "2068"]
[BlackElo "2515"]
[PlyCount "84"]
[EventDate "1999.??.??"]

1. e4 c5 2. Nf3 d6 3. c3 Nf6 4. d4 Nxe4 5. dxc5 Nxc5 6. b4 Ne6 7. Be3 a5 8. Bd3
axb4 9. cxb4 Nc6 10. b5 Nb4 11. Be2 Qc7 12. O-O Qc2 13. a4 Bd7 14. Na3 Qxa4 15.
Qxa4 Rxa4 16. Nc4 Rxa1 17. Rxa1 Nd5 18. Ra8+ Nd8 19. Nb6 Nxe3 20. fxe3 f6 21.
Nd5 e6 22. Nb6 d5 23. Nd4 Bc5 24. Nxd7 Kxd7 25. Kf2 Nf7 26. Rxh8 Nxh8 27. Nb3
Bb4 28. Nd4 Nf7 29. b6 Bc5 30. Bb5+ Ke7 31. h4 Bxb6 32. Nf3 Nh6 33. Ke2 Nf5 34.
g4 Nxe3 35. g5 e5 36. gxf6+ gxf6 37. Nd2 Nf5 38. h5 Nd4+ 39. Kd3 Nxb5 40. Nb3
e4+ 41. Ke2 Nd4+ 42. Nxd4 42... Bxd4 {libertad resigns} 0-1

[Event "ICS rated blitz match"]
[Site "204.178.125.65"]
[Date "1999.08.14"]
[Round "?"]
[White "Hossa"]
[Black "Yugor"]
[Result "1-0"]
[WhiteElo "2517"]
[BlackElo "2011"]
[PlyCount "47"]
[EventDate "1999.??.??"]

1. d4 d5 2. c4 Nf6 3. cxd5 c6 4. dxc6 Nxc6 5. e3 Bg4 6. Be2 Bxe2 7. Nxe2 e6 8.
Nbc3 Bd6 9. e4 e5 10. d5 Ne7 11. Bg5 Ng6 12. Bxf6 Qxf6 13. Qa4+ Kf8 14. Rc1 h6
15. O-O Kg8 16. Qd7 Kh7 17. Nb5 Rhd8 18. Qxb7 Nf4 19. Nxf4 exf4 20. Rc6 f3 21.
Nxd6 Qg6 22. g3 Rxd6 23. Rxd6 Qf5 24. exf5 {Yugor resigns} 1-0

[Event "ICS rated blitz match"]
[Site "204.178.125.65"]
[Date "1999.08.14"]
[Round "?"]
[White "ComputoJon"]
[Black "Hossa"]
[Result "0-1"]
[WhiteElo "2259"]
[BlackElo "2519"]
[PlyCount "107"]
[EventDate "1999.??.??"]

1. e4 c5 2. c3 d5 3. exd5 Qxd5 4. d4 Nf6 5. Nf3 Bg4 6. Be2 e6 7. O-O Be7 8. h3
Bf5 9. Be3 cxd4 10. Nxd4 O-O 11. Nxf5 Qxf5 12. Qb3 Nbd7 13. Nd2 b6 14. Nf3 e5
15. Rac1 Rfd8 16. Qc2 Qxc2 17. Rxc2 Nd5 18. Bc1 e4 19. Nd4 Ne5 20. Nf5 g6 21.
Nxe7+ Nxe7 22. Bg5 Kf8 23. f4 N5c6 24. Bb5 Rd6 25. Bxc6 Nxc6 26. f5 Kg7 27. f6+
Kg8 28. Re2 Re8 29. g4 Rd3 30. Kg2 Rd5 31. Bh4 Ra5 32. a3 g5 33. Bg3 h6 34.
Rfe1 Ra4 35. Bd6 Re6 36. Bb4 a5 37. b3 Nxb4 38. bxa4 Nd3 39. Rd1 Nf4+ 40. Kf2
Nxe2 41. Kxe2 Rxf6 42. Ke3 Rf3+ 43. Kxe4 Rxh3 44. Rd8+ Kg7 45. Rc8 Rg3 46. Kf5
Rf3+ 47. Ke5 Rf4 48. Rc6 Rxg4 49. Rxb6 Rxa4 50. Rb3 Rc4 51. Kd5 a4 52. Kxc4
axb3 53. Kxb3 g4 54. Kc4 {ComputoJon resigns} 0-1

[Event "ICS rated blitz match"]
[Site "204.178.125.65"]
[Date "1999.08.14"]
[Round "?"]
[White "j724"]
[Black "Hossa"]
[Result "0-1"]
[WhiteElo "2134"]
[BlackElo "2525"]
[PlyCount "34"]
[EventDate "1999.??.??"]

1. d4 Nf6 2. Nf3 e6 3. Bf4 Be7 4. e3 Nh5 5. Be5 d6 6. g4 dxe5 7. gxh5 exd4 8.
exd4 Bf6 9. c3 Qe7 10. Bd3 e5 11. dxe5 Bxe5 12. Nxe5 Qxe5+ 13. Qe2 Nc6 14. Nd2
Bg4 15. Qxe5+ Nxe5 16. Be2 O-O-O 17. Rg1 17... Rhe8 {j724 resigns} 0-1

[Event "ICS rated blitz match"]
[Site "204.178.125.65"]
[Date "1999.08.14"]
[Round "?"]
[White "Hossa"]
[Black "alib"]
[Result "1-0"]
[WhiteElo "2528"]
[BlackElo "2229"]
[PlyCount "75"]
[EventDate "1999.??.??"]

1. d4 Nf6 2. c4 c5 3. d5 b5 4. cxb5 a6 5. f3 e6 6. e4 exd5 7. exd5 Bd6 8. Qe2+
Kf8 9. Nc3 axb5 10. Nxb5 Ba6 11. Qd2 Qe7+ 12. Kd1 h6 13. Bc4 g6 14. Ne2 Kg7 15.
Nxd6 Qxd6 16. b3 Bxc4 17. bxc4 Qa6 18. Qc3 d6 19. Bf4 Nbd7 20. Ng3 Qa4+ 21. Ke1
Ne5 22. Bxe5 dxe5 23. Kf2 Rhe8 24. Rhb1 Qa3 25. Rb3 Qa6 26. Kg1 Kh7 27. a3 e4
28. Rab1 exf3 29. Qxf3 Qxc4 30. Qxf6 Qxd5 31. Kh1 Ra7 32. Rf3 c4 33. Rc1 Qd2
34. Rxc4 Re1+ 35. Rf1 Rxf1+ 36. Nxf1 Qd3 37. Rc8 Rd7 38. Rh8# {alib checkmated}
1-0

[Event "ICS rated blitz match"]
[Site "204.178.125.65"]
[Date "1999.08.14"]
[Round "?"]
[White "Hossa"]
[Black "Esen"]
[Result "1-0"]
[WhiteElo "2538"]
[BlackElo "2037"]
[PlyCount "71"]
[EventDate "1999.??.??"]

1. d4 Nf6 2. c4 e6 3. Nc3 Bb4 4. Bg5 Bxc3+ 5. bxc3 h6 6. Bxf6 Qxf6 7. e4 d6 8.
Bd3 e5 9. Ne2 Nc6 10. d5 Ne7 11. O-O O-O 12. f4 Ng6 13. fxe5 Qxe5 14. Rb1 b6
15. Qc2 Bg4 16. Nd4 Bd7 17. Qe2 Rae8 18. Qd2 a5 19. Nb5 Bxb5 20. Rf5 Qe7 21.
cxb5 Ne5 22. Re1 f6 23. c4 Qd7 24. Be2 Re7 25. Qf4 Ng6 26. Qg3 Nh8 27. Bg4 Qd8
28. Rf3 Re5 29. Be6+ Kh7 30. Ref1 Qe7 31. Qg4 Nf7 32. Bf5+ Kh8 33. h4 Nd8 34.
Qg6 Kg8 35. Qh7+ Kf7 36. Bg6# {Esen checkmated} 1-0

[Event "ICS rated blitz match"]
[Site "204.178.125.65"]
[Date "1999.08.14"]
[Round "?"]
[White "Esen"]
[Black "Hossa"]
[Result "0-1"]
[WhiteElo "2035"]
[BlackElo "2540"]
[PlyCount "58"]
[EventDate "1999.??.??"]

1. d4 Nf6 2. Nf3 e6 3. Bg5 Be7 4. Bxf6 Bxf6 5. e3 d5 6. c3 Nd7 7. Bd3 c6 8. Qc2
g6 9. h4 e5 10. dxe5 Nxe5 11. Nxe5 Bxe5 12. h5 Qg5 13. g3 O-O 14. hxg6 fxg6 15.
Nd2 Rxf2 16. O-O-O Qxe3 17. Bxg6 hxg6 18. Qxg6+ Kf8 19. Rhf1 Ke7 20. Rxf2 Qxf2
21. Rf1 Qxg3 22. Rf7+ Ke8 23. Qh7 Bf4 24. Re7+ Kd8 25. Qf7 Qg1+ 26. Kc2 Bf5+
27. Qxf5 Kxe7 28. Qxf4 Qg6+ 29. Kc1 29... Re8 {Esen resigns} 0-1

[Event "ICS rated blitz match"]
[Site "204.178.125.65"]
[Date "1999.08.14"]
[Round "?"]
[White "Hossa"]
[Black "sunny"]
[Result "1/2-1/2"]
[WhiteElo "2542"]
[BlackElo "2144"]
[PlyCount "43"]
[EventDate "1999.??.??"]

1. d4 d5 2. c4 c6 3. Nc3 e6 4. Nf3 dxc4 5. e4 b5 6. Be2 Nf6 7. Bg5 h6 8. Bxf6
Qxf6 9. O-O Bb7 10. a3 Nd7 11. Qc1 Qd8 12. a4 a6 13. Qf4 Be7 14. axb5 cxb5 15.
d5 exd5 16. exd5 O-O 17. Qf5 Nf6 18. Rfd1 Bb4 19. Na2 Bd6 20. Nc3 Bb4 21. Na2
Bd6 22. Nc3 {Game drawn by mutual agreement} 1/2-1/2

[Event "ICS rated blitz match"]
[Site "204.178.125.65"]
[Date "1999.08.14"]
[Round "?"]
[White "salzi"]
[Black "Hossa"]
[Result "0-1"]
[WhiteElo "2080"]
[BlackElo "2544"]
[PlyCount "54"]
[EventDate "1999.??.??"]

1. d4 Nf6 2. c4 g6 3. Nc3 d5 4. e3 Bg7 5. Nf3 O-O 6. Bd3 Nc6 7. a3 Bg4 8. O-O
e5 9. Be2 exd4 10. Nxd4 Bxe2 11. Qxe2 Re8 12. Nxc6 bxc6 13. cxd5 cxd5 14. Qd3
c6 15. Rb1 Rb8 16. b4 a5 17. Na4 axb4 18. axb4 Qd6 19. Bd2 Ng4 20. g3 Ne5 21.
Qe2 Qe6 22. Kg2 Nc4 23. Nc5 Qf5 24. Rfd1 Nxd2 25. Qxd2 Rb5 26. Qd3 Qe5 27. Rd2
27... Qb8 {salzi resigns} 0-1

[Event "ICS rated blitz match"]
[Site "204.178.125.65"]
[Date "1999.08.14"]
[Round "?"]
[White "Hossa"]
[Black "salzi"]
[Result "1-0"]
[WhiteElo "2550"]
[BlackElo "2074"]
[PlyCount "65"]
[EventDate "1999.??.??"]

1. d4 Nf6 2. c4 d6 3. Nc3 g6 4. e4 Bg7 5. f3 O-O 6. Nge2 c6 7. Bf4 Qc7 8. Qd2
e5 9. Bh6 Ne8 10. Bxg7 Nxg7 11. O-O-O a6 12. dxe5 dxe5 13. Qh6 Be6 14. Ng3 Nd7
15. Be2 b5 16. Nf1 bxc4 17. Nd2 Nb6 18. g4 f6 19. h4 Rad8 20. Rh2 Rd4 21. h5 g5
22. Bf1 Ne8 23. Ne2 Rd8 24. Ng3 Qg7 25. Qxg7+ Nxg7 26. h6 Ne8 27. Be2 Nc7 28.
b3 cxb3 29. axb3 Nb5 30. Kb2 a5 31. Bxb5 cxb5 32. Rc1 Rd7 33. Rc6 {
salzi resigns} 1-0

[Event "ICS rated blitz match"]
[Site "204.178.125.65"]
[Date "1999.08.14"]
[Round "?"]
[White "salzi"]
[Black "Hossa"]
[Result "0-1"]
[WhiteElo "2072"]
[BlackElo "2552"]
[Annotator "Fritz 5.32 (19s)"]
[PlyCount "27"]
[EventDate "1999.??.??"]

1. d4 1... Nf6 {Opening = A58 - 4.cb5 a6 5.ba6(Ba6 6.Nc3 d6 7.---)} 2. c4 c5 3.
d5 b5 4. cxb5 a6 5. bxa6 Bxa6 6. g3 (6. Nc3 g6 7. g3 Bg7 8. Bg2 d6 9. Nf3 Nbd7
10. O-O O-O 11. Qc2 Qa5 12. h3 Nb6 13. Rd1 Bb7 14. e4 Nfd7 15. Bd2 Nc4 16. Be1
Rfb8 17. a4 Nde5 18. Nxe5 Nxe5 19. Nb5 Qb6 20. f4 20... Nd7 {
Krizsany,L-Manca,F/2nd op, Nova Gorica SLO 1997/1-0 (61)}) 6... e6 $146 (6...
Bb7 7. Bg2 Qa5+ 8. Bd2 Qb6 9. Bc3 e6 10. e4 Be7 11. Ne2 exd5 12. exd5 Qd6 13.
Na3 O-O 14. Nc4 Qa6 15. Ne3 Ne8 16. O-O Bf6 17. Re1 Bxc3 18. Nxc3 Nf6 19. Qe2
d6 20. Qxa6 Rxa6 21. Nc4 {
Borsavolgyi,T-Felegyhazi,L/A-Plus, Debrecen HUN 1997/1-0 (48)}) (6... g6 7. Bg2
d6 8. b3 Bg7 9. Bb2 Nbd7 10. Nh3 O-O 11. O-O Nb6 (11... Qb8 12. Bc3 Rc8 13. Nf4
Ne5 14. Qc2 Ra7 15. Rd1 Qa8 16. a4 Ne8 17. Na3 Rb8 18. h4 Nc7 19. Be4 Qb7 20.
Rab1 Qc8 21. h5 Qf8 22. hxg6 hxg6 23. Kg2 Bf6 24. Nc4 Nxc4 25. Bxf6 exf6 26.
bxc4 {Sosnicki,M-Shishkin,V/MK Cafe, Koszalin POL 1997/1-0 (36)}) 12. a4 Rb8
13. Bc3 Qd7 14. e4 Bxf1 15. Qxf1 Rfc8 16. Nf4 Qa7 17. Na3 Rb7 18. Nb5 Qa6 19.
Qe1 c4 20. Bf1 Qa8 21. a5 Nbd7 22. bxc4 Rxb5 23. cxb5 Rxc3 24. Qxc3 Nxe4 25.
Qc6 Qd8 26. Rc1 Qxa5 27. Qxd7 Qd2 28. Qc8+ {
1-0 Richardson,J-Baldursson,H/VISA GP, Reykjavik ISL 1998 (28)}) 7. Bg2 Nxd5 8.
Bxd5 exd5 9. Qxd5 Nc6 10. Nc3 Nb4 11. Qd1 d5 12. a3 Bb7 13. Nf3 13... d4 {
Raumgewinn} 14. Ne4 $4 $19 {danach wendet sich das Blatt} (14. Na2 $142 {
haette die Niederlage vermieden} 14... Nd5 15. O-O $14) 0-1

[Event "ICS rated blitz match"]
[Site "204.178.125.65"]
[Date "1999.08.14"]
[Round "?"]
[White "Hossa"]
[Black "salzi"]
[Result "1-0"]
[WhiteElo "2554"]
[BlackElo "2070"]
[PlyCount "48"]
[EventDate "1999.??.??"]

1. d4 Nf6 2. c4 d6 3. Nc3 g6 4. e4 Bg7 5. f3 O-O 6. Nge2 c6 7. Bf4 Qc7 8. Qd2
e5 9. Bh6 Ne8 10. Bxg7 Nxg7 11. O-O-O a6 12. dxe5 dxe5 13. Qh6 b5 14. Ng3 Be6
15. h4 f6 16. h5 g5 17. Be2 Nd7 18. Rd2 bxc4 19. Rhd1 Nc5 20. Kb1 Rad8 21. Rxd8
Rxd8 22. Qxf6 Rxd1+ 23. Bxd1 Qd6 24. Qxg5 24... Qd3+ {salzi resigns} 1-0